Diccionario de Sociología /

Gespeichert in:
Bibliographische Detailangaben
1. Verfasser: Giner, Salvador
Weitere Verfasser: Lamo Espinoza, Julio de, ed, Torres, Cristóbal, ed
Format: Text
Veröffentlicht: Madrid : Alianza Editorial,
Tags: Tag hinzufügen
Keine Tags, Fügen Sie den ersten Tag hinzu!

MARC

LEADER 00000 a a2200000 04500
001 32310
003
040
020 |a 84-206-8580-1  
022 |a 84-206-8580-1  
090 |a R S0001 G492d  
100 |a Giner, Salvador  
245 |a Diccionario de Sociología /  |c Salvador Giner, Emilio Lamo de Espinosa; Cristobal Torres, eds  
260 |a Madrid :   |b Alianza Editorial,  
300 |a 895 p.  
700 |a Lamo Espinoza, Julio de, ed  
700 |a Torres, Cristóbal, ed  
999 |c 8564  |d 8564